| 000 | 00700nas a2200241 4500 | ||
|---|---|---|---|
| 001 | BR7803593 | ||
| 003 | BR-BrBNA | ||
| 005 | 20231205083448.0 | ||
| 007 | ta | ||
| 008 | 230509b bl.|||p| |||| 00| 00por d | ||
| 040 |
_aBR-BrBNA _bpor _cBiblioteca Nacional de Agricultura |
||
| 041 | _a(Pt) | ||
| 072 | _aF60 | ||
| 100 | 1 | _aBeltrao, J.D. de A. | |
| 245 | 1 | _aOcorrencia de CAM em Pernambuco [Planta; Fotossintese; Brasil] | |
| 650 | _aFisiologia vegetal | ||
| 650 | _aPlanta | ||
| 650 | _aFotossintese | ||
| 650 | _aPernambuco | ||
| 773 | 0 |
_tCaderno Omega (Brazil) _xISSN 0100-2732 _g(Dec 1978), v. 2(2) p. 51-64 _wBR7803593 |
|
| 909 |
_a202311 _bLúcia _c55 _dLúcia Elande |
||
| 942 |
_2AGRIS _n0 _cANA |
||
| 999 |
_c98926 _d98926 |
||